000 01261nam0a22002771 4500
001 v19\rc\1648848
005 20250619002444.0
035 _a(NLR Aleph) 004760555
090 _a4580869
_c4580869
100 _a20061002d1888 |||y0rusy50 ca
101 0 _arus
102 _aRU
105 _aa z |||||
200 1 _aГеологический осмотр дачи князя П.Н. Стокасимова при с. Беленькой (Николаевке) Харьковской губернии, Изюмского уезда
_eС геогност. разрезом буровой скважины
_f[Соч.] А. Гурова, д-ра геологии и минералогии, преп. Харьк. практ. технол. ин-та и прив.-доц. Имп. Харьк. ун-та
210 _aХарьков
_cУнив. тип.
_d1888
215 _a24 с., 1 л. черт.
_d19
700 1 _4070
_7ca
_8rus
_aГуров
_bА. В.
_f1845-1920
_gАлександр Васильевич
_9247442
_3RU\NLR\AUTH\770247498
801 0 _aRU
_bNLR
_gpsbo
801 0 _aRU
_bRuMoRGB
_2psbo
801 1 _aRU
_bProSoft-M
_2rusmarc
852 _aNLR
_j18.276.4.133
899 _aRuMoRGB
_jA 183/1204
899 _aБАН
942 _cBOOK
980 _aNB